| 000 | 00437nam a2200181Ia 4500 | ||
|---|---|---|---|
| 005 | 20250423094319.0 | ||
| 008 | 250422s9999 xx 000 0 und d | ||
| 020 | _a0-07-119915-2 | ||
| 050 | _aHF 5657.4 .Z55/ | ||
| 100 | _aZimmerman, Jerold L. | ||
| 245 | 0 | _aAccounting for decision making and control | |
| 260 | _aNew York | ||
| 260 | _bMcGraw-Hill | ||
| 260 | _c2003 | ||
| 300 | _a764 p | ||
| 650 | _aAccounting | ||
| 942 | _cBK | ||
| 999 |
_c26881 _d26881 |
||